| Поле | Инд. | ПП | Название | Значение |
|---|---|---|---|---|
| Тип записи | a | |||
| Библиографический уровень | m | |||
| 001 | Контрольный номер | RU/IS/BASE/189088447 | ||
| 005 | Дата корректировки | 20220801133049.1 | ||
| 040 | b | Код языка каталог. | rus | |
| 041 | a | Код языка текста | rus | |
| 080 | 00 | a | Индекс УДК | 004.42 |
| 084 | a | Индекс другой классификации/Индекс ББК | 32.973.202-018.2 | |
| 090 | 00 | a | Полочн. индекс | 681.3 |
| c | Каталожный индекс | 681.3.06 | ||
| x | Авторский знак | М80 | ||
| 097 | b | Оператор | 11 | |
| 100 | 10 | a | Автор | Моррис С. |
| 245 | 00 | a | Заглавие | Объектно-ориентированное программирование |
| c | Ответственность | пер. с англ. Ю. Г. Синдеева | ||
| 260 | 00 | a | Место издания | Ростов н/Д. |
| b | Издательство | Феникс | ||
| c | Дата издания | 1997 | ||
| 300 | 00 | a | Объем | 352 с. |
| 510 | a | Примечание о ссылках | Книги и методические пособия | |
| 650 | a | Основная рубрика | 50.05 Теоретические основы программирования | |
| x | Основная подрубрика | 50.05.15 Теория и проблематика программирования для вычислительных сетей | ||
| 653 | 00 | a | Ключевые слова | объектно-ориентированное программирование; языки программирования; C++; Borland Pascal; Visual Basic; Windows |
| 901 | t | Тип документа | m |